Normal view
MARC view
Entry Corporate Name
001 - CONTROL NUMBER
- control field: 24512
003 - CONTROL NUMBER IDENTIFIER
- control field: ARRUPE
005 - DATE AND TIME OF LATEST TRANSACTION
- control field: 20160803085249.0
008 - FIXED-LENGTH DATA ELEMENTS
- fixed length control field: 160803|| aca||aabn | a|a d
040 ## - CATALOGING SOURCE
- Original cataloging agency: ARRUPE
- Transcribing agency: ARRUPE
110 ## - HEADING--CORPORATE NAME
- Corporate name or jurisdiction name as entry element: World Peace Foundation,
- Relator term: issuing body.
670 ## - SOURCE DATA FOUND
- Source citation: Work cat.: (ARRUPE)0: Jerven, Morten, 1978- author. 24510, Africa :, 2015